header

Get ready for biology / (Record no. 255682)

MARC details
000 -LEADER
fixed length control field 01232cam a22003737a 4500
001 - CONTROL NUMBER
control field 14828310
003 - CONTROL NUMBER IDENTIFIER
control field OSt
005 - DATE AND TIME OF LATEST TRANSACTION
control field 20170224114406.0
008 - FIXED-LENGTH DATA ELEMENTS--GENERAL INFORMATION
fixed length control field 070430s2007 caua 001 0 eng d
010 ## - LIBRARY OF CONGRESS CONTROL NUMBER
LC control number 2007274214
015 ## - NATIONAL BIBLIOGRAPHY NUMBER
National bibliography number GBA718014
Source bnb
016 7# - NATIONAL BIBLIOGRAPHIC AGENCY CONTROL NUMBER
Record control number 013687879
Source Uk
020 ## - INTERNATIONAL STANDARD BOOK NUMBER
International Standard Book Number 0321500571
International Standard Book Number 9780321500571
035 ## - SYSTEM CONTROL NUMBER
System control number (OCoLC)ocm85828575
040 ## - CATALOGING SOURCE
Original cataloging agency UKM
Transcribing agency UKM
Modifying agency BAKER
-- DLC
042 ## - AUTHENTICATION CODE
Authentication code ukscp
-- lccopycat
050 00 - LIBRARY OF CONGRESS CALL NUMBER
Classification number QH316
Item number .G38 2007
100 1# - MAIN ENTRY--PERSONAL NAME
Personal name Garrett, Lori K.
245 10 - TITLE STATEMENT
Title Get ready for biology /
Statement of responsibility, etc Lori K. Garrett.
260 ## - PUBLICATION, DISTRIBUTION, ETC. (IMPRINT)
Place of publication, distribution, etc San Francisco :
Name of publisher, distributor, etc Pearson/Benjamin Cummings,
Date of publication, distribution, etc c2007.
300 ## - PHYSICAL DESCRIPTION
Extent x, 258 p. :
Other physical details ill. ;
Dimensions 24 cm.
500 ## - GENERAL NOTE
General note "Adapted from Get ready for A&P."
General note Includes index.
650 #0 - SUBJECT ADDED ENTRY--TOPICAL TERM
Topical term or geographic name as entry element Biology
General subdivision Examinations
Form subdivision Study guides.
Topical term or geographic name as entry element Chemistry
Form subdivision Problems, exercises etc.
Topical term or geographic name as entry element Mathematics
Form subdivision Problems, exercises etc.
740 0# - ADDED ENTRY--UNCONTROLLED RELATED/ANALYTICAL TITLE
Uncontrolled related/analytical title Get ready for A&P.
856 41 - ELECTRONIC LOCATION AND ACCESS
Materials specified Table of contents only
Uniform Resource Identifier <a href="http://www.loc.gov/catdir/toc/fy0711/2007274214.html">http://www.loc.gov/catdir/toc/fy0711/2007274214.html</a>
906 ## - LOCAL DATA ELEMENT F, LDF (RLIN)
a 7
b cbc
c copycat
d 3
e ncip
f 20
g y-gencatlg
942 ## - ADDED ENTRY ELEMENTS (KOHA)
Source of classification or shelving scheme Library of Congress Classification
Koha item type Long Loan Books
Holdings
Withdrawn status Lost status Source of classification or shelving scheme Damaged status Not for loan Collection code Home library Current library Shelving location Date acquired Total Checkouts Full call number Barcode Date last seen Price effective from Koha item type
    Library of Congress Classification     Non-fiction Rongo University Library Rongo University Library General Stacks 27/06/2017   QH316 .G38 2007 201700536 27/06/2017 27/06/2017 Long Loan Books
    Library of Congress Classification       Rongo University Library Rongo University Library   23/06/2020   QH316 .G38 2007 2016165595 23/06/2020 23/06/2020 Long Loan Books

© 2026 Rongo University
Contact us: librarian | system librarian | Rongo university